000 00360pab a2200145 454500
008 180718b2003 xxu||||| |||| 00| 0 eng d
100 _aSuhrud, Tridip
245 _aCollapse of urban cooperative banking sector
260 _c2003
300 _ap.3354-355.
362 _a9 Aug
650 _aBanks
773 _aEconomic and Political Weekly
909 _a57761
999 _c57761
_d57761